000 00344nam a2200145Ia 4500
008 191201s2009 xx 000 0 und d
082 _a530.114
_bCHF
100 _aCHENG,David K
245 0 _aField and Wave Electromagnetics
250 _aIMP
260 _aN.Delhi
_bPearson
_c2009
300 _a719
650 _aB.Tech(ECE)
942 _2ddc
_cBK
999 _c4341
_d4341